000 00944nam a2200253Ia 4500
003 OSt
005 20200722191644.0
008 191128s1999 ck ad fr 000 0 spa d
020 _a9589113265
040 _aCO-JMCR
_cCO-JMCR
041 0 _aspa
082 0 4 _a338.9861 /
_bC172a
_223
110 1 _aColombia.
_bCámara de Comercio de Bogotá
_96916
245 1 4 _aUna aproximación al futuro :
_bColombia siglo XXI /
_cCámara de Comercio de Bogotá
260 _aBogotá :
_bCámara de Comercio de Bogotá,
_c[1999?]
300 _axliii, 483 páginas :
_bgráficos a blanco y negro ;
_c26 cm.
504 _aIncluye bibliografía al final de algunos capítulos.
505 0 _aMarcos generales de desarrollo -- Estudios básicos de prospectiva
650 1 4 _aAnálisis económico
_97655
650 1 4 _aProyecciones económicas
_95468
650 1 4 _aEstadísticas económicas
_97656
650 1 4 _aEconomía colombiana
_97657
942 _2ddc
_cBK
999 _c5513
_d5513